Chanteurs par lettre. K - Statistiques

Statistiques générales
  • Ce quiz a été pris 301 fois
  • Le résultat moyen est 8 sur 15
Statistiques - réponses
Chansons Chanteurs % Correct
Dernière danse / Le graal Kyo
83%
On écrit sur les murs / Mama Africa Kids United
82%
Aïcha / C'est la vie Khaled
76%
Gangsta party / Femme like U K-maro
75%
J'aimerais trop / Petite Emilie Keen'v
68%
Marly Gomont / La bagarre Kamini
65%
Laisse-moi / Bazardée Keblack
63%
Tiktok / Take it off Kesha
62%
La banane / Louxor j'adore Philippe Katerine
59%
Chargé / Zoo Kaaris
58%
Mon mec à moi / Mademoiselle chante le blues Patricia Kaas
56%
Daddy chocolat / Train de vie Koba la d
51%
This girl / Never going home Kungs
21%
Whatever / It ain't me Kygo
13%
Journée / Baw flex Kanoe
3%
Aucun quiz correspondant
Distribution des résultats
% des personnes avec chaque résultat
Percentile par nombre de réponses
Votre historique - résultats
Vous n’avez pas pris ce quiz